Statistics for Sidemen Real Names and Youtube Names

Click here to take the quiz!

General Stats

  • This quiz has been taken 1,535 times
  • The average score is 13 of 14

Answer Stats

Answer% Correct
Josh
98%
Ethan
97%
Harry
97%
JJ
97%
Simon
97%
KSI
96%
Tobi
96%
Vik
96%
Miniminter
93%
Vikkstar123
85%
Behzinga
84%
Zerkaa
84%
TBJZL
72%
Wroetoshaw
64%

Score Distribution

Percentile by Number Answered

Percent of People with Each Score

Your Score History

You have not taken this quiz